书目信息 |
| 题名: |
世界美术名作二十讲
|
|
| 作者: | 傅雷, 著 | |
| 分册: | ||
| 出版信息: | 天津 北京大学出版社 2019.8 |
|
| 页数: | 263页 | |
| 开本: | 22cm | |
| 丛书名: | ||
| 单 册: | ||
| 中图分类: | J205.1 | |
| 科图分类: | ||
| 主题词: | 绘画--美术批评--世界 | |
| 电子资源: | ||
| ISBN: | 978-7-201-14750-5 | |
| 000 | 01242nam0 2200265 45 | |
| 001 | 012001000759 | |
| 005 | 20130909143725.0 | |
| 010 | @a978-7-201-14750-5@dCNY69.00 | |
| 099 | @aCAL 012019147790 | |
| 100 | @a20191108d2019 em y0chiy0110 ea | |
| 101 | 0 | @achi |
| 102 | @aCN@b120000 | |
| 105 | @aa z 000yy | |
| 106 | @ar | |
| 200 | 1 | @a世界美术名作二十讲@Ashi jie mei shu ming zuo er shi jiang@f傅雷著 |
| 210 | @a天津@c北京大学出版社@d2019.8 | |
| 215 | @a263页@c彩图@d22cm | |
| 312 | @a英文并列题名取自封面 | |
| 330 | @a傅雷是我国知名文学翻译家、文艺评论家。20世纪30年代,傅雷先生受聘于上海美术专科学校,担任美术史课教席。本书是他在讲稿的基础上修订、补充,于1934年完成的一部著作。书中着重介绍文艺复兴以来近二十位美术大师及其名作,如米开朗琪罗、达·芬奇、拉斐尔、贝尔尼尼、伦勃朗、鲁本斯、委拉斯开兹、格勒兹等,生动讲解其艺术风格和人品操守,并融文学、音乐、哲学、社会、时代于一体,深入浅出,引人入胜。傅雷先生的经典艺术评论著作,是许多国人的西方美术启蒙书、提升艺术修养的专业指南,值得出版。 | |
| 510 | 1 | @a20 lectures on world masterpieces of art@zeng |
| 606 | 0 | @a绘画@x美术批评@y世界 |
| 690 | @aJ205.1@v5 | |
| 701 | 0 | @a傅雷,@Afu lei@f1908-1966@4著 |
| 801 | @aCN@b江苏凤凰@c20211018 | |
| 905 | @b1340924-7@dJ205.1@e1236@f4 | |
| 世界美术名作二十讲/傅雷著.-天津:北京大学出版社,2019.8 |
| 263页:彩图;22cm |
| ISBN 978-7-201-14750-5:CNY69.00 |
| 傅雷是我国知名文学翻译家、文艺评论家。20世纪30年代,傅雷先生受聘于上海美术专科学校,担任美术史课教席。本书是他在讲稿的基础上修订、补充,于1934年完成的一部著作。书中着重介绍文艺复兴以来近二十位美术大师及其名作,如米开朗琪罗、达·芬奇、拉斐尔、贝尔尼尼、伦勃朗、鲁本斯、委拉斯开兹、格勒兹等,生动讲解其艺术风格和人品操守,并融文学、音乐、哲学、社会、时代于一体,深入浅出,引人入胜。傅雷先生的经典艺术评论著作,是许多国人的西方美术启蒙书、提升艺术修养的专业指南,值得出版。 |
| ● |
| 相关链接 |
|
|
|
|
正题名:世界美术名作二十讲
索取号:J205.1/1236
 
预约/预借
| 序号 | 登录号 | 条形码 | 馆藏地/架位号 | 状态 | 备注 |
| 1 | 1340924 | 213409248 | 第一样本阅览室/ [索取号:J205.1/1236] | 在馆 | |
| 2 | 1340925 | 213409257 | 第一借阅区/ [索取号:J205.1/1236] | 在馆 | |
| 3 | 1340926 | 213409266 | 第一借阅区/ [索取号:J205.1/1236] | 在馆 | |
| 4 | 1340927 | 213409275 | 第一借阅区/ [索取号:J205.1/1236] | 在馆 |